500 câu hỏi trắc nghiệm kinh tế học vĩ mô : ( Dành cho các trường đại học, cao đẳng khối kinh tế)
Sách gồm những câu hỏi trắc nhiệm và bài tập để sinh viên trực tiếp làm bài kiểm tra chương hoặc có thể lắp ghép thành một bài kiểm tra giữa kỳ và cuối kỳ.
שמור ב:
| מחבר ראשי: | |
|---|---|
| פורמט: | ספר |
| שפה: | Vietnamese |
| יצא לאור: |
H.
Giáo dục Việt Nam
|
| מהדורה: | Tái bản lần thứ 1 |
| נושאים: | |
| תגים: |
הוספת תג
אין תגיות, היה/י הראשונ/ה לתייג את הרשומה!
|
| Thư viện lưu trữ: | Thư viện Trường Đại học Nam Cần Thơ |
|---|
| LEADER | 01821nam a22002537a 4500 | ||
|---|---|---|---|
| 001 | NCT_50629 | ||
| 008 | 180919b xxu||||| |||| 00| 0 vie d | ||
| 999 | |c 2419 |d 2419 | ||
| 020 | |c 43000 | ||
| 082 | 0 | 4 | |2 23rd ed. |a 339.076 |b Kh107 |
| 100 | 1 | |a Tạ Đức Khánh | |
| 245 | 1 | 0 | |a 500 câu hỏi trắc nghiệm kinh tế học vĩ mô : |b ( Dành cho các trường đại học, cao đẳng khối kinh tế) |c Tạ Đức Khánh |
| 250 | |a Tái bản lần thứ 1 | ||
| 260 | |a H. |b Giáo dục Việt Nam | ||
| 300 | |a 235 tr. |b hình vẽ, bảng |c 24cm | ||
| 520 | 3 | |a Sách gồm những câu hỏi trắc nhiệm và bài tập để sinh viên trực tiếp làm bài kiểm tra chương hoặc có thể lắp ghép thành một bài kiểm tra giữa kỳ và cuối kỳ. | |
| 653 | |a Quản trị kinh doanh | ||
| 942 | |2 ddc |c BK | ||
| 952 | |0 0 |1 0 |2 ddc |4 0 |6 339_076000000000000_KH107 |7 0 |9 13947 |a 000001 |b 000001 |d 2018-09-19 |l 5 |o 339.076 Kh107 |p MD.13304 |r 2020-12-25 |s 2020-12-11 |v 43000.00 |w 2018-09-19 |y BK | ||
| 952 | |0 0 |1 0 |2 ddc |4 0 |6 339_076000000000000_KH107 |7 0 |9 13948 |a 000001 |b 000001 |d 2018-09-19 |l 6 |o 339.076 Kh107 |p MD.13305 |r 2020-12-25 |s 2020-12-11 |v 43000.00 |w 2018-09-19 |y BK | ||
| 952 | |0 0 |1 0 |2 ddc |4 0 |6 339_076000000000000_KH107 |7 0 |9 13949 |a 000001 |b 000001 |d 2018-09-19 |l 8 |m 1 |o 339.076 Kh107 |p MD.13306 |r 2020-12-23 |s 2020-12-10 |v 43000.00 |w 2018-09-19 |y BK | ||
| 952 | |0 0 |1 0 |2 ddc |4 0 |6 339_076000000000000_KH107 |7 0 |9 13950 |a 000001 |b 000001 |d 2018-09-19 |l 4 |m 1 |o 339.076 Kh107 |p MD.13307 |r 2021-01-04 |s 2020-11-30 |v 43000.00 |w 2018-09-19 |y BK | ||
| 952 | |0 0 |1 0 |2 ddc |4 0 |6 339_076000000000000_KH107 |7 0 |9 13951 |a 000001 |b 000001 |d 2018-09-19 |o 339.076 Kh107 |p MD.13308 |r 2018-09-19 |v 43000.00 |w 2018-09-19 |y BK | ||
| 980 | |a Thư viện Trường Đại học Nam Cần Thơ | ||